Sebelum tersungkur

Bibliographic Details
Main Author: Ruslan Ngah
Format: Book
Published: Selangor : Penerbit Prisma Sdn. Bhd. , 2003
Subjects:

MARC

LEADER 00000cam a2200000 7i4500
001 0000064875
005 20200610.0
008 160725
020 |a 9838770450 
090 0 0 |a RUS   |b MAL 
100 0 |a Ruslan Ngah 
245 1 0 |a Sebelum tersungkur   |c Ruslan Ngah 
260 |a Selangor :   |b Penerbit Prisma Sdn. Bhd. ,   |c 2003 
300 |a 163p. 
650 0 |a Malay fiction 
999 |a 0000886024   |b Book   |c Children Collection   |e Cawangan Kota Tinggi 
999 |a 000837327   |b Book   |c Adult Collection   |e Cawangan Muar